| 000 | 01649nam0a22003731 4500 | ||
|---|---|---|---|
| 001 | rc\1082996 | ||
| 005 | 20250622141013.0 | ||
| 035 | _a(NLR Aleph) 006331113 | ||
| 090 |
_a7546214 _c7546214 |
||
| 100 | _a20041126d1983 |||y0rusy50 ca | ||
| 101 | 0 | _arus | |
| 102 | _aRU | ||
| 105 | _ay ||||||||| | ||
| 200 | 1 |
_aИз бирманской поэзии XX века _eПер. с бирм. _f[Сост., вступ. ст. и примеч. Е. Западовой] |
|
| 210 |
_aМ. _cХудож. лит. _d1983 |
||
| 215 |
_a190 с. _d17 |
||
| 225 | 1 | _aПоэзия Востока XX в. | |
| 327 | 0 | _aАвт.: Такин Кодо Хмайн, У Э Маун, Зоджи, Минтувун, Ну Йин, Дагон Тая, Буталин Чхи Лей, Бамо Ньоу Пве, Нгвей Тари, Мин Ю Вей и др. | |
| 464 | 0 |
_1700#0$aТакин Кодо Хмайн _aТакин Кодо Хмайн |
|
| 464 | 0 |
_1700#0$aУ Э Маун _aУ Э Маун |
|
| 464 | 0 |
_1700#0$aЗоджи _aЗоджи |
|
| 464 | 0 |
_1700#0$aМинтувун _aМинтувун |
|
| 464 | 0 |
_1700#0$aНу Йин _aНу Йин |
|
| 464 | 0 |
_1700#0$aДагон Тая _aДагон Тая |
|
| 464 | 0 |
_1700#0$aБуталин Чхи Лей _aБуталин Чхи Лей |
|
| 464 | 0 |
_1700#0$aБамо Ньоу Пве _aБамо Ньоу Пве |
|
| 464 | 0 |
_1700#0$aНгвей Тари _aНгвей Тари |
|
| 464 | 0 |
_1700#0$aМин Ю Вей _aМин Ю Вей |
|
| 702 | 1 |
_aЗападова _bЕ.А. _gЕлена Александровна _4220 |
|
| 801 | 0 |
_aRU _bNLR _gpsbo |
|
| 801 | 1 |
_aRU _bELAR _2rusmarc |
|
| 852 |
_aNLR _j83-2/2095 |
||
| 942 | _cBOOK | ||
| 980 | _aNB | ||